000
00216nam a22000857a 4500
008
170302b xxu||||| |||| 00| 0 eng d
100
_9
3004
_a
Dickens.C
245
_a
A Tale of Two Cities
260
_a
New Delhi
_b
S.Chand
_c
2010
999
_c
6247
_d
6247